Every James Bond Movie - Statistics

General Stats
  • This quiz has been taken 17 times
  • The average score is 17 of 28
Answer Stats
Actor Year Movie % Correct
Sean Connery 1962 Dr. No
91%
Sean Connery 1964 Goldfinger
91%
Daniel Craig 2006 Casino Royale
82%
Sean Connery 1963 From Russia with Love
82%
George Lazenby 1969 On Her Majesty's Secret Service
82%
Daniel Craig 2012 Skyfall
82%
Daniel Craig 2015 Spectre
82%
Sean Connery 1965 Thunderball
82%
Roger Moore 1978 Moonraker
73%
Daniel Craig 2008 Quantum of Solace
73%
Barry Nelson 1954 Casino Royale
64%
David Niven 1967 Casino Royale
64%
Pierce Brosnan 2002 Die Another Day
64%
Sean Connery 1971 Diamonds Are Forever
55%
Pierce Brosnan 1995 GoldenEye
55%
Roger Moore 1973 Live and Let Die
55%
Daniel Craig 2021 No Time to Die
55%
Roger Moore 1974 The Man with the Golden Gun
55%
Roger Moore 1977 The Spy who Loved Me
55%
Sean Connery 1967 You Only Live Twice
55%
Roger Moore 1985 A View to a Kill
45%
Sean Connery 1983 Never Say Never Again
45%
Roger Moore 1983 Octopussy
45%
Timothy Dalton 1987 The Living Daylights
45%
Timothy Dalton 1989 Licence to Kill
36%
Pierce Brosnan 1999 The World Is Not Enough
36%
Roger Moore 1981 For Your Eyes Only
27%
Pierce Brosnan 1997 Tomorrow Never Dies
27%
No matching quizzes found
Score Distribution
Percent of People with Each Score
Percentile by Number Answered
Your Score History
You have not taken this quiz